Régimen de responsabilidad de administradores de clubes de fútbol (Registro nro. 3371)

Detalles MARC
000 -LEADER
fixed length control field 01460 a2200241 4500
001 - CONTROL NUMBER
control field 41103
005 - DATE AND TIME OF LATEST TRANSACTION
control field 20260407155704.0
008 - FIXED-LENGTH DATA ELEMENTS--GENERAL INFORMATION
fixed length control field 260407a2009 arg spa d
003 - CONTROL NUMBER IDENTIFIER
control field AR-UNSa-BCEJYS
040 ## - CATALOGING SOURCE
Original cataloging agency AR-UNSa-BCEJYS
Language of cataloging spa
Transcribing agency AR-UNSa-BCEJYS
080 ## - UNIVERSAL DECIMAL CLASSIFICATION NUMBER
Universal Decimal Classification number 347.471
Common auxiliary subdivision Organizaciones civiles, privadas. Sociedades. Asociaciones. Compañías (sin fines de lucro)
020 ## - INTERNATIONAL STANDARD BOOK NUMBER
International Standard Book Number 978-950-894-748-2
041 ## - LANGUAGE CODE
Language code of text/sound track or separate title spa
100 1# - MAIN ENTRY--PERSONAL NAME
Personal name Mingo Jozami, Alfonso
245 10 - TITLE STATEMENT
Title Régimen de responsabilidad de administradores de clubes de fútbol
Name of part/section of a work comisión directiva, órgano fiduciario, gerenciadora
264 #1 - PRODUCTION, PUBLICATION, DISTRIBUTION, MANUFACTURE, AND COPYRIGHT NOTICE
Place of production, publication, distribution, manufacture Buenos Aires :
Name of producer, publisher, distributor, manufacturer AD-HOC
Date of production, publication, distribution, manufacture, or copyright notice 2009
300 ## - PHYSICAL DESCRIPTION
Extent 215 p.
Dimensions 23 cm.
505 ## - FORMATTED CONTENTS NOTE
Formatted contents note 1. El club de fútbol como simple asociación civil deportiva - 2. Asociaciones civiles deportivas - 3.Régimen de responsabilidad de los directivos de los clubes de fútbol. Mandatarios civiles. Alcances del mandato - 4. Régimen de la responsabilidad para los directivos de clubes de fútbol que hubieran adecuado sus estatutos según pautas impuestas por la AFA - 5. Régimen especial de administración de las entidades deportivas con dificultades económicas. Fideicomiso de administración con control judicial. Ley 25.284 - 6. El gerenciamiento en los clubes de fútbol
590 ## - LOCAL NOTE (RLIN)
Local note niveau_biblio:m niveau_hierar:0
700 1# - ADDED ENTRY--PERSONAL NAME
Personal name Balbín, Sebastián
856 41 - ELECTRONIC LOCATION AND ACCESS
Uniform Resource Identifier <a href="https://biblioeco.unsa.edu.ar/pmb/images/libros/L126372.jpg">https://biblioeco.unsa.edu.ar/pmb/images/libros/L126372.jpg</a>
Link text Imagen de portada
Electronic format type image/jpeg
942 ## - ADDED ENTRY ELEMENTS (KOHA)
Koha item type
Existencias
Withdrawn status Lost status Damaged status Not for loan Home library Current library Shelving location Date acquired Total checkouts Full call number Barcode Date last seen Price effective from Koha item type
        Biblioteca Prof. Eusebio Cleto del Rey Biblioteca Prof. Eusebio Cleto del Rey   07/04/2026   347.471 B172 L126372 07/04/2026 07/04/2026 Libro